[Event "Langley Labour Day op"]
[Site "Langley"]
[Date "2011.09.03"]
[Round "1.5"]
[White "Anjum, Naveed"]
[Black "McLaren, Brian"]
[Result "0-1"]
[WhiteElo "1702"]
[BlackElo "2178"]
[PlyCount "80"]
[EventDate "2011.09.03"]
[EventType "swiss"]
[EventRounds "6"]
[EventCountry "CAN"]
[SourceTitle "EXT 2022"]
[Source "ChessBase"]
[SourceDate "2021.10.06"]
[SourceVersion "1"]
[SourceVersionDate "2021.10.06"]
[SourceQuality "1"]

1. d4 d5 2. c4 e6 3. Nc3 c6 4. Nf3 dxc4 5. e4 b5 6. a4 Bb4 7. Be2 Bb7 8. 0-0 a6 9. Be3 Nf6 10. e5 Nd5 11. Ne4 h6 12. Bd2 Be7 13. Bc3 Nd7 14. Qd2 0-0 15. axb5 cxb5 16. Ba5 Qb8 17. Ne1 f5 18. Nc3 N7b6 19. f4 Bc6 20. g4 g6 21. gxf5 gxf5 22. Bh5 Kh7 23. Rf2 Qb7 24. Nf3 Rg8+ 25. Kf1 Be8 26. Bxe8 Raxe8 27. Bxb6 Nxb6 28. Qe3 b4 29. Ne2 Nd5 30. Qc1 Qb5 31. Ke1 Rc8 32. Ng3 Rg4 33. Ne2 a5 34. h3 Rg7 35. Qc2 b3 36. Qb1 c3 37. bxc3 Nxc3 38. Nxc3 Rxc3 39. Nd2 Re3+ 40. Kd1 Rg1+ 0-1